[Event "GBR-ch Morning op 104th"]
[Site "Llandudno"]
[Date "2017.08.03"]
[Round "4"]
[White "Al Khateeb, Taher"]
[Black "Wells, Jonathan C"]
[Result "1-0"]
[WhiteElo "2015"]
[BlackElo "2037"]
[PlyCount "149"]
[EventDate "2017.07.31"]
[EventType "swiss"]
[EventRounds "5"]
[EventCountry "WLS"]
[SourceTitle "EXT 2018"]
[Source "ChessBase"]
[SourceDate "2017.10.13"]
[SourceVersion "1"]
[SourceVersionDate "2017.10.13"]
[SourceQuality "1"]

1. d4 Nf6 2. Bg5 c5 3. Bxf6 gxf6 4. d5 Qb6 5. Qc1 f5 6. g3 Bg7 7. c3 0-0 8. Nd2 d6 9. Bg2 Nd7 10. Nh3 Nf6 11. 0-0 e5 12. dxe6 fxe6 13. e4 fxe4 14. Nxe4 Nxe4 15. Bxe4 d5 16. Bg2 Bd7 17. Qc2 Be8 18. Rfe1 Bg6 19. Qb3 Qxb3 20. axb3 Rfe8 21. Nf4 Bf7 22. Nd3 Bf8 23. Ne5 Bd6 24. Ra4 Re7 25. Rg4+ Kf8 26. Rh4 Bxe5 27. Rxe5 Bg6 28. Rf4+ Bf7 29. Bh3 Rae8 30. Bg4 Kg7 31. h4 b6 32. f3 Rd8 33. Kf2 Rd6 34. Ke3 Red7 35. Rg5+ Kf8 36. h5 h6 37. Rg6 e5 38. Rxf7+ Kxf7 39. Bxd7 Rxd7 40. Rxh6 d4+ 41. Ke4 Kg7 42. Rg6+ Kh7 43. cxd4 cxd4 44. Kd3 Rf7 45. f4 exf4 46. gxf4 Rxf4 47. Rd6 Rf2 48. Rxd4 Rxb2 49. Kc3 Rh2 50. Rd7+ Kg8 51. Rxa7 Rxh5 52. Rb7 Rh6 53. Kb4 Kf8 54. Kb5 Ke8 55. Rxb6 Rh3 56. Kc6 Rc3+ 57. Kd6 Rd3+ 58. Kc7 Rc3+ 59. Kb8 Kd7 60. b4 Rb3 61. b5 Rb1 62. Rb7+ Kd8 63. b6 Rb2 64. Ka8 Rb1 65. Rb8+ Kd7 66. Kb7 Kd6 67. Rc8 Rb2 68. Rc1 Rb3 69. Ka7 Ra3+ 70. Kb8 Rb3 71. b7 Rh3 72. Rc2 Rh1 73. Ra2 Rh8+ 74. Ka7 Rh7 75. Ka8 1-0

[Event "GBR-ch Morning op 104th"]
[Site "Llandudno"]
[Date "2017.07.31"]
[Round "1"]
[White "Hughes, Gavin James"]
[Black "Al Khateeb, Taher"]
[Result "1/2-1/2"]
[WhiteElo "1849"]
[BlackElo "2015"]
[PlyCount "154"]
[EventDate "2017.07.31"]
[EventType "swiss"]
[EventRounds "5"]
[EventCountry "WLS"]
[SourceTitle "EXT 2018"]
[Source "ChessBase"]
[SourceDate "2017.10.13"]
[SourceVersion "1"]
[SourceVersionDate "2017.10.13"]
[SourceQuality "1"]

1. e4 c5 2. Nc3 Nc6 3. f4 e6 4. Nf3 d5 5. Bb5 d4 6. Ne2 Nf6 7. Bxc6+ bxc6 8. d3 Ba6 9. b3 Be7 10. 0-0 0-0 11. Qe1 Qc7 12. h3 Nd7 13. Ng3 e5 14. Nf5 Bf6 15. Qg3 Kh8 16. fxe5 Nxe5 17. Bf4 Rae8 18. Nxe5 Bxe5 19. Qxg7+ Bxg7 20. Bxc7 Be5 21. Bxe5+ Rxe5 22. Nd6 f6 23. Rf4 Re6 24. Nf5 Bc8 25. Raf1 Bd7 26. Ng3 Rg8 27. Kh2 Rg6 28. Nh5 Re5 29. Nxf6 Be6 30. Ng4 Reg5 31. Rf6 Bxg4 32. Rxg6 hxg6 33. hxg4 Kg7 34. Kg3 c4 35. dxc4 Re5 36. Kf3 Kf6 37. Re1 c5 38. c3 dxc3 39. Rc1 Re6 40. Rxc3 Rd6 41. Re3 Ke5 42. Ke2 Rd4 43. g3 a5 44. Rd3 Rxe4+ 45. Re3 Kd4 46. Rxe4+ Kxe4 47. a3 Kd4 48. Kd2 a4 49. Kc2 g5 50. bxa4 Kxc4 51. Kb2 Kd3 52. a5 Kd2 53. Kb3 Kd3 54. Kb2 Kd2 55. a6 c4 56. a7 c3+ 57. Kb3 c2 58. a8Q c1Q 59. Qg2+ Ke3 60. Qc2 Qh1 61. Qc3+ Kf2 62. a4 Qb7+ 63. Ka2 Qe4 64. a5 Qxg4 65. Qc5+ Kg2 66. Qb5 Qe6+ 67. Ka3 Qd6+ 68. Ka4 Qd4+ 69. Kb3 Qd1+ 70. Kc4 Qe2+ 71. Kc5 Qe5+ 72. Kb6 Qb8+ 73. Kc5 Qe5+ 74. Kc6 Qe8+ 75. Kc5 Qe5+ 76. Kb4 Qb2+ 77. Kc4 Qe2+ 1/2-1/2

[Event "GBR-ch Atkins op 104th"]
[Site "Llandudno"]
[Date "2017.07.29"]
[Round "3"]
[White "Al Khateeb, Taher"]
[Black "Taylor, Robert P"]
[Result "1/2-1/2"]
[WhiteElo "2015"]
[BlackElo "1854"]
[PlyCount "36"]
[EventDate "2017.07.28"]
[EventType "swiss"]
[EventRounds "5"]
[EventCountry "WLS"]
[SourceTitle "EXT 2019"]
[Source "ChessBase"]
[SourceDate "2018.10.10"]
[SourceVersion "1"]
[SourceVersionDate "2018.10.10"]
[SourceQuality "1"]

1. d4 Nc6 2. Bg5 d5 3. e3 Bf5 4. Bd3 Bxd3 5. Qxd3 Qd6 6. Nf3 f6 7. Bh4 e5 8. dxe5 fxe5 9. Bg3 Be7 10. 0-0 Nf6 11. Nc3 a6 12. Rfd1 Rd8 13. Nd4 e4 14. Bxd6 exd3 15. Nxc6 Rxd6 16. Nxe7 dxc2 17. Rd2 Kxe7 18. Rxc2 Rhd8 1/2-1/2

[Event "KUW-ch"]
[Site "Kuwait"]
[Date "2017.03.10"]
[Round "7"]
[White "Al Khateeb, Taher"]
[Black "Hussain, Hashem"]
[Result "1-0"]
[WhiteElo "2005"]
[BlackElo "1725"]
[PlyCount "45"]
[EventDate "2017.03.02"]
[EventType "tourn"]
[EventRounds "9"]
[EventCountry "KUW"]
[SourceTitle "EXT 2018"]
[Source "ChessBase"]
[SourceDate "2017.10.13"]
[SourceVersion "1"]
[SourceVersionDate "2017.10.13"]
[SourceQuality "1"]

1. d4 d6 2. Bg5 Nd7 3. e4 g6 4. Bc4 Bg7 5. Nf3 c5 6. c3 Qc7 7. Qb3 e6 8. Bxe6 fxe6 9. Qxe6+ Kf8 10. Be7+ Nxe7 11. Ng5 Ne5 12. dxe5 Bxe6 13. Nxe6+ Kg8 14. Nxc7 Rd8 15. Ne6 Rd7 16. exd6 Rxd6 17. Nxc5 b6 18. Nb3 Re6 19. N1d2 Bh6 20. 0-0 Kg7 21. Nd4 Re5 22. f4 Rc5 23. Ne6+ 1-0

[Event "KUW-ch"]
[Site "Kuwait"]
[Date "2017.03.03"]
[Round "2"]
[White "Al Khateeb, Taher"]
[Black "Alsharhan, Musaed"]
[Result "1-0"]
[WhiteElo "2005"]
[BlackElo "1706"]
[PlyCount "115"]
[EventDate "2017.03.02"]
[EventType "tourn"]
[EventRounds "9"]
[EventCountry "KUW"]
[SourceTitle "EXT 2018"]
[Source "ChessBase"]
[SourceDate "2017.10.13"]
[SourceVersion "1"]
[SourceVersionDate "2017.10.13"]
[SourceQuality "1"]

1. Nf3 d5 2. g3 Nf6 3. Bg2 Bg4 4. c4 e6 5. Ne5 Bh5 6. Qb3 Nc6 7. Nxc6 bxc6 8. Qb7 Kd7 9. Qb3 Qb8 10. Qd1 Be7 11. 0-0 Rd8 12. cxd5 cxd5 13. Qa4+ c6 14. Nc3 Qb4 15. Qa6 Qb6 16. Qxb6 axb6 17. d4 Ke8 18. Bf4 Bd6 19. Bxd6 Rxd6 20. b4 Rdd8 21. a4 Ke7 22. Rfc1 Rdc8 23. h3 Nd7 24. e4 Bg6 25. f4 f5 26. exf5 Bxf5 27. g4 Bd3 28. Re1 Kf7 29. Re3 Bc4 30. Rae1 Re8 31. g5 c5 32. Nb5 Bxb5 33. axb5 g6 34. bxc5 bxc5 35. dxc5 Nxc5 36. Rc1 Nb7 37. Rc7+ Re7 38. Rxe7+ Kxe7 39. Bxd5 Ra1+ 40. Kf2 Nd8 41. Be4 Ra2+ 42. Re2 Ra3 43. Rb2 Rxh3 44. b6 e5 45. b7 Nxb7 46. Rxb7+ Kd6 47. Rb6+ Kc5 48. Rc6+ Kd4 49. Bg2 Rh4 50. Rd6+ Kc5 51. Rd5+ Kc4 52. fxe5 Rf4+ 53. Ke3 Rf8 54. e6 Re8 55. Re5 Re7 56. Bc6 Kb4 57. Bd7 Kc4 58. Ke4 1-0

[Event "KUW-ch 1st Stage"]
[Site "Kuwait"]
[Date "2017.01.18"]
[Round "6"]
[White "Al Khateeb, Taher"]
[Black "Hussain, Hashem"]
[Result "1-0"]
[WhiteElo "2005"]
[BlackElo "1775"]
[PlyCount "59"]
[EventDate "2017.01.12"]
[EventType "swiss"]
[EventRounds "9"]
[EventCountry "KUW"]
[SourceTitle "CBM 176 Extra"]
[Source "ChessBase"]
[SourceDate "2017.03.02"]
[SourceVersion "1"]
[SourceVersionDate "2017.03.02"]
[SourceQuality "1"]

1. d4 Nf6 2. Bg5 d6 3. Bxf6 exf6 4. e3 g6 5. g3 Bg7 6. c4 0-0 7. Nc3 c5 8. Bg2 a6 9. dxc5 dxc5 10. Nge2 Nd7 11. 0-0 Rb8 12. Qb3 b5 13. cxb5 axb5 14. Nxb5 Ba6 15. a4 Qb6 16. Rfd1 Ne5 17. Nec3 Rfe8 18. a5 Qa7 19. Qa4 Qe7 20. Nd5 Qf8 21. Nbc7 Re6 22. Nxe6 fxe6 23. Nc7 Rb4 24. Qe8 Qxe8 25. Nxe8 Rxb2 26. Nxg7 Kxg7 27. Rd6 Bb7 28. Rb6 Rxb6 29. axb6 Bxg2 30. Kxg2 1-0

[Event "Kuwait Amateur-ch"]
[Site "Kuwait"]
[Date "2016.01.31"]
[Round "8"]
[White "Al Khateeb, Taher"]
[Black "Alshourfaa, Hazaa"]
[Result "1-0"]
[WhiteElo "1941"]
[BlackElo "1776"]
[PlyCount "62"]
[EventDate "2016.01.23"]
[EventType "swiss"]
[EventRounds "9"]
[EventCountry "KUW"]
[SourceTitle "CBM 170 Extra"]
[Source "ChessBase"]
[SourceDate "2016.02.25"]
[SourceVersion "1"]
[SourceVersionDate "2016.02.25"]
[SourceQuality "1"]

1. d4 d5 2. Nf3 Nc6 3. Bf4 Nf6 4. e3 Bf5 5. Bb5 a6 6. Ba4 b5 7. Bb3 e6 8. Nh4 Bg6 9. Nxg6 hxg6 10. h3 Bd6 11. Bxd6 cxd6 12. c3 g5 13. f3 g4 14. fxg4 Ne4 15. 0-0 Qh4 16. Qe1 Qg5 17. Nd2 Nxd2 18. Qxd2 Na5 19. Qf2 Ra7 20. Qf4 Qe7 21. e4 g5 22. Qf3 Nc4 23. exd5 Nd2 24. Qf6 Qxf6 25. Rxf6 Ke7 26. Rf2 Nxb3 27. axb3 exd5 28. Re1+ Kf8 29. Rf5 Rg8 30. Rxd5 Rd7 31. Ree5 Rg6 1-0

[Event "Kuwait Amateur-ch"]
[Site "Kuwait"]
[Date "2016.01.30"]
[Round "7"]
[White "Al Khateeb, Taher"]
[Black "Alawadhi, Amenah"]
[Result "1-0"]
[WhiteElo "1941"]
[BlackElo "1348"]
[PlyCount "61"]
[EventDate "2016.01.23"]
[EventType "swiss"]
[EventRounds "9"]
[EventCountry "KUW"]
[SourceTitle "CBM 170 Extra"]
[Source "ChessBase"]
[SourceDate "2016.02.25"]
[SourceVersion "1"]
[SourceVersionDate "2016.02.25"]
[SourceQuality "1"]

1. d4 d5 2. Nf3 Nf6 3. Bg5 Bg4 4. Bxf6 Bxf3 5. Bh4 Be4 6. f3 Bg6 7. e3 Nc6 8. a3 Qd7 9. Bb5 a6 10. Ba4 b5 11. Bb3 a5 12. Nc3 e6 13. Nxb5 Be7 14. Bxe7 Nxe7 15. Ba4 c6 16. Nc3 Nf5 17. Qd2 0-0 18. g4 Ne7 19. h4 h5 20. 0-0-0 Qb7 21. Ne2 Nc8 22. Nf4 Nb6 23. Bb3 Rfb8 24. Nxg6 a4 25. Ba2 fxg6 26. c3 Ra6 27. gxh5 Nc4 28. Bxc4 Rb6 29. Rh2 dxc4 30. Rg1 Rb3 31. Qc2 1-0

[Event "KUW-ch"]
[Site "Kuwait"]
[Date "2015.12.15"]
[Round "11"]
[White "Alshourfaa, Hazaa"]
[Black "Al Khateeb, Taher"]
[Result "1-0"]
[WhiteElo "1737"]
[BlackElo "1970"]
[PlyCount "107"]
[EventDate "2015.12.02"]
[EventType "tourn"]
[EventRounds "11"]
[EventCountry "KUW"]
[SourceTitle "CBM 169 Extra"]
[Source "ChessBase"]
[SourceDate "2015.12.18"]
[SourceVersion "1"]
[SourceVersionDate "2015.12.18"]
[SourceQuality "1"]

1. e4 c6 2. Nc3 g6 3. g3 Bg7 4. Bg2 e6 5. Nge2 d5 6. d3 Ne7 7. 0-0 0-0 8. h3 Nd7 9. Kh2 Nc5 10. d4 Nxe4 11. Nxe4 dxe4 12. Bxe4 e5 13. dxe5 Bxe5 14. c3 Qc7 15. Bf4 Rd8 16. Bxe5 Qb6 17. Qc2 c5 18. Rad1 Bxh3 19. Rxd8+ Rxd8 20. Rd1 Bg4 21. Rxd8+ Qxd8 22. Bf6 Qd6 23. Bxe7 Qxe7 24. c4 h5 25. Nf4 h4 26. Nd5 hxg3+ 27. fxg3 Qg5 28. Qf2 f5 29. Bf3 Qh6+ 30. Kg1 Qc1+ 31. Kg2 Bxf3+ 32. Kxf3 Qxc4 33. Nc3 b5 34. Qd2 Qg4+ 35. Kg2 b4 36. Qd5+ Kh7 37. Qf7+ Kh6 38. Qf8+ Kh7 39. Qe7+ Kh6 40. Ne2 g5 41. Qe6+ Kg7 42. b3 a5 43. Ng1 Qe4+ 44. Qxe4 fxe4 45. Kf2 Kf6 46. Ke3 Ke5 47. g4 c4 48. bxc4 a4 49. Ne2 Kd6 50. Kxe4 Kc5 51. Kd3 b3 52. axb3 axb3 53. Nc3 b2 54. Na4+ 1-0

[Event "KUW-ch"]
[Site "Kuwait"]
[Date "2015.12.11"]
[Round "8"]
[White "Al Khateeb, Taher"]
[Black "Hussain, Hashem"]
[Result "1-0"]
[WhiteElo "1970"]
[BlackElo "1772"]
[PlyCount "79"]
[EventDate "2015.12.02"]
[EventType "tourn"]
[EventRounds "11"]
[EventCountry "KUW"]
[SourceTitle "CBM 169 Extra"]
[Source "ChessBase"]
[SourceDate "2015.12.18"]
[SourceVersion "1"]
[SourceVersionDate "2015.12.18"]
[SourceQuality "1"]

1. d4 e6 2. c4 b6 3. e4 Bb7 4. Bd3 f5 5. Qe2 Nf6 6. Bg5 Be7 7. Nd2 0-0 8. Ngf3 fxe4 9. Nxe4 Nxe4 10. Bxe4 Bxe4 11. Qxe4 Na6 12. Bxe7 Qxe7 13. 0-0 c6 14. Rae1 Rf6 15. Re3 Raf8 16. Ng5 Rh6 17. Rg3 Qd6 18. Qe3 Qf4 19. Qa3 Nb8 20. Qe3 Rh4 21. Rd1 Na6 22. Qxf4 Rhxf4 23. Nh3 R4f6 24. Ra3 Nb4 25. Rxa7 g5 26. f3 g4 27. fxg4 Nc2 28. g5 R6f7 29. g6 Rf5 30. g4 Rf3 31. Ng5 R3f4 32. gxh7+ Kh8 33. h3 Ne3 34. Re1 Nxg4 35. Rxd7 Nf2 36. Nxe6 Nxh3+ 37. Kh2 Rf2+ 38. Kxh3 R8f3+ 39. Kg4 Rd3 40. Nf4 1-0

[Event "KUW-ch"]
[Site "Kuwait"]
[Date "2015.12.03"]
[Round "2"]
[White "Al Hajiri, Bader"]
[Black "Al Khateeb, Taher"]
[Result "1-0"]
[WhiteElo "2183"]
[BlackElo "1970"]
[PlyCount "71"]
[EventDate "2015.12.02"]
[EventType "tourn"]
[EventRounds "11"]
[EventCountry "KUW"]
[SourceTitle "CBM 169 Extra"]
[Source "ChessBase"]
[SourceDate "2015.12.18"]
[SourceVersion "1"]
[SourceVersionDate "2015.12.18"]
[SourceQuality "1"]

1. e4 c5 2. Nf3 Nc6 3. d4 cxd4 4. Nxd4 g6 5. c4 Nf6 6. Nc3 Bg7 7. Nxc6 bxc6 8. e5 Ng8 9. f4 f6 10. f5 fxe5 11. fxg6 Nf6 12. gxh7 d5 13. cxd5 cxd5 14. Bg5 Be6 15. Bb5+ Kf8 16. Bxf6 exf6 17. Bc6 Rb8 18. Bxd5 Bxd5 19. Nxd5 Rxb2 20. 0-0 Rxh7 21. Qd3 Kg8 22. Rad1 Kh8 23. Qa6 Qa8 24. Rf3 Rh6 25. Rc3 Rb8 26. Rc7 f5 27. Qxa7 Qxa7+ 28. Rxa7 e4 29. g3 Rb2 30. Ne3 Rbxh2 31. Rd8+ Kh7 32. Nxf5 Rh1+ 33. Kf2 Rg6 34. Rdd7 Rh5 35. Nxg7 Kh6 36. Nxh5 1-0

[Event "KUW-ch sf"]
[Site "Kuwait"]
[Date "2015.11.13"]
[Round "8"]
[White "Al Khateeb, Taher"]
[Black "Al Azmi, Khalaf"]
[Result "1-0"]
[WhiteElo "1909"]
[BlackElo "1755"]
[PlyCount "73"]
[EventDate "2015.11.02"]
[EventType "swiss"]
[EventRounds "9"]
[EventCountry "KUW"]
[SourceTitle "CBM 169 Extra"]
[Source "ChessBase"]
[SourceDate "2015.12.18"]
[SourceVersion "1"]
[SourceVersionDate "2015.12.18"]
[SourceQuality "1"]

1. d4 Nf6 2. Nf3 g6 3. Bg5 Bg7 4. c3 d5 5. e3 Ne4 6. Bh4 0-0 7. Bd3 c5 8. dxc5 Nxc5 9. Bc2 Nc6 10. Nbd2 Re8 11. Nb3 Na4 12. Qc1 Nxc3 13. bxc3 Bxc3+ 14. Nfd2 Bxa1 15. Qxa1 Nb4 16. Bb1 Qb6 17. 0-0 e5 18. Bg3 f6 19. a3 Nc6 20. Rc1 Ne7 21. Ba2 Nf5 22. Nc5 Be6 23. Nxe6 Rxe6 24. Bxd5 Kg7 25. Bxe6 Qxe6 26. Rc7+ Kh6 27. Qc1 Rd8 28. e4 Nd4 29. Nf3+ g5 30. Nxd4 Rxd4 31. h4 Qg4 32. Qc5 Qd1+ 33. Kh2 Rd6 34. Bxe5 fxe5 35. Qxe5 gxh4 36. Qg7+ Kh5 37. Rc5+ 1-0

[Event "KUW-ch sf"]
[Site "Kuwait"]
[Date "2015.11.03"]
[Round "2"]
[White "Al Khateeb, Taher"]
[Black "Alhasan, Hasan"]
[Result "1-0"]
[WhiteElo "1909"]
[BlackElo "1736"]
[PlyCount "55"]
[EventDate "2015.11.02"]
[EventType "swiss"]
[EventRounds "9"]
[EventCountry "KUW"]
[SourceTitle "CBM 169 Extra"]
[Source "ChessBase"]
[SourceDate "2015.12.18"]
[SourceVersion "1"]
[SourceVersionDate "2015.12.18"]
[SourceQuality "1"]

1. d4 Nf6 2. c4 g6 3. Nc3 Bg7 4. Nf3 0-0 5. g3 d6 6. Bg2 Nbd7 7. 0-0 e5 8. e4 Re8 9. d5 Nc5 10. Re1 a5 11. b3 b6 12. Bb2 Bd7 13. Qc2 Nh5 14. Nd2 f5 15. a3 fxe4 16. Ndxe4 Nxe4 17. Nxe4 Bf5 18. Bc1 Rf8 19. Be3 Nf6 20. Bg5 Qd7 21. Bxf6 Bxe4 22. Rxe4 Rxf6 23. Rae1 Qf5 24. R1e2 g5 25. Qc3 h6 26. Rc2 Qd7 27. Qe1 h5 28. Qb1 1-0